[Event "COL-chT Blitz"]
[Site "Santander"]
[Date "2022.09.10"]
[Round "4.1"]
[White "Peinado Rincon, Giovanny Alfredo"]
[Black "Rodriguez Velasco, German Enrique"]
[Result "1-0"]
[WhiteElo "2130"]
[BlackElo "2151"]
[PlyCount "129"]
[EventDate "2022.09.10"]
[EventType "team-swiss (blitz)"]
[EventRounds "9"]
[EventCountry "COL"]
[SourceTitle "EXT 2023"]
[Source "ChessBase"]
[SourceDate "2022.10.05"]
[SourceVersion "1"]
[SourceVersionDate "2022.10.05"]
[SourceQuality "1"]
[WhiteTeam "Santander"]
[BlackTeam "Boyaca"]
[WhiteTeamCountry "COL"]
[BlackTeamCountry "COL"]

1. d4 Nf6 2. Bf4 c5 3. e3 Qb6 4. b3 d5 5. Nf3 Nc6 6. c3 Bg4 7. Bd3 e6 8. 0-0 cxd4 9. exd4 Be7 10. h3 Bh5 11. Nbd2 0-0 12. Re1 Rac8 13. b4 Nb8 14. Qb3 Nbd7 15. a4 a6 16. a5 Qc6 17. Rac1 Bd6 18. Ne5 Bxe5 19. dxe5 Ne8 20. c4 Nc7 21. Qb1 Bg6 22. Bxg6 hxg6 23. Qd3 Qa4 24. Rb1 dxc4 25. Nxc4 Nd5 26. Bd2 Qb5 27. Nb2 Rc6 28. Qxb5 axb5 29. Rbc1 Rfc8 30. Nd3 Rc4 31. g3 Kf8 32. f4 g5 33. Kf2 gxf4 34. gxf4 Ke7 35. Kf3 Rh8 36. Rh1 Rhc8 37. h4 g6 38. h5 gxh5 39. Rxh5 Rxc1 40. Bxc1 Rc3 41. Ke2 Rc2+ 42. Bd2 Nc3+ 43. Ke3 Nd5+ 44. Ke2 Nf8 45. Rh8 Ng6 46. Rb8 Ngxf4+ 47. Kd1 Rc4 48. Rxb7+ Kd8 49. Nxf4 Nxf4 50. Bxf4 Rxf4 51. a6 Kc8 52. Rxb5 Rd4+ 53. Kc2 Rd7 54. Rc5+ Kb8 55. b5 Ka7 56. Kc3 Kb6 57. Kc4 Rd1 58. Rc6+ Ka7 59. Kc5 Rd5+ 60. Kc4 Rxe5 61. Rc7+ Kb8 62. Rxf7 Re1 63. b6 Rc1+ 64. Kb5 Rc8 65. a7+ 1-0

[Event "Bucaramanga IM"]
[Site "Bucaramanga"]
[Date "2022.09.04"]
[Round "9"]
[White "Campos Gomez, Manuel"]
[Black "Peinado Rincon, Giovanny Alfredo"]
[Result "1-0"]
[WhiteElo "2352"]
[BlackElo "2160"]
[PlyCount "45"]
[EventDate "2022.08.31"]
[EventType "tourn"]
[EventRounds "9"]
[EventCountry "COL"]
[SourceTitle "CBM 210 Extra"]
[Source "ChessBase"]
[SourceDate "2022.11.30"]
[SourceVersion "1"]
[SourceVersionDate "2022.11.30"]
[SourceQuality "1"]

1. d4 Nf6 2. c4 g6 3. Nc3 d5 4. cxd5 Nxd5 5. e4 Nxc3 6. bxc3 Bg7 7. Bc4 c5 8. Ne2 0-0 9. 0-0 Nc6 10. Be3 Qc7 11. Rc1 Rd8 12. Bf4 Qd7 13. d5 Na5 14. Bd3 b5 15. Ng3 e6 16. Qe2 c4 17. Bb1 exd5 18. exd5 Bb7 19. Rfd1 Bxd5 20. Be4 Qc6 21. Qd2 Bxc3 22. Qxc3 Bxe4 23. Bh6 1-0

[Event "Bucaramanga IM"]
[Site "Bucaramanga"]
[Date "2022.09.03"]
[Round "7"]
[White "Sanchez Alvares, Kelvin Antonio"]
[Black "Peinado Rincon, Giovanny Alfredo"]
[Result "1/2-1/2"]
[WhiteElo "2215"]
[BlackElo "2160"]
[PlyCount "112"]
[EventDate "2022.08.31"]
[EventType "tourn"]
[EventRounds "9"]
[EventCountry "COL"]
[SourceTitle "CBM 210 Extra"]
[Source "ChessBase"]
[SourceDate "2022.11.30"]
[SourceVersion "1"]
[SourceVersionDate "2022.11.30"]
[SourceQuality "1"]

1. d4 Nf6 2. c4 g6 3. Nc3 d5 4. Nf3 Bg7 5. Bg5 Ne4 6. cxd5 Nxg5 7. Nxg5 e6 8. Qd2 h6 9. Nf3 exd5 10. e3 0-0 11. Be2 c6 12. 0-0 Qe7 13. Rfc1 Nd7 14. a3 Nb6 15. a4 a5 16. Nd1 Be6 17. Rc5 Nc4 18. Bxc4 dxc4 19. Rxa5 Rab8 20. Ra7 Bd5 21. Nc3 Bxf3 22. gxf3 Rfd8 23. Qe2 c5 24. Ra5 cxd4 25. exd4 Qh4 26. Qe4 Qxe4 27. fxe4 Rxd4 28. Rd1 Re8 29. Rxd4 Bxd4 30. Rb5 Bxc3 31. bxc3 Rxe4 32. Kf1 Re7 33. Rc5 Kg7 34. Rxc4 g5 35. Rb4 Rc7 36. c4 Re7 37. c5 Rc7 38. Rb5 Kf6 39. Ke2 Ke6 40. Kf3 Kd5 41. Rb6 Kxc5 42. Rxh6 Kb4 43. Kg4 Kxa4 44. Kxg5 b5 45. Ra6+ Kb3 46. h4 Rc5+ 47. Kg4 Rc1 48. h5 Rg1+ 49. Kf5 Rh1 50. Kg5 Rg1+ 51. Kh6 b4 52. Rf6 Kc3 53. Rxf7 b3 54. Rc7+ Kd4 55. Rb7 Kc3 56. Rc7+ Kd4 1/2-1/2

[Event "Bucaramanga IM"]
[Site "Bucaramanga"]
[Date "2022.09.02"]
[Round "4"]
[White "Peinado Rincon, Giovanny Alfredo"]
[Black "Vidal Melendez, Ismael David"]
[Result "0-1"]
[WhiteElo "2160"]
[BlackElo "2323"]
[PlyCount "86"]
[EventDate "2022.08.31"]
[EventType "tourn"]
[EventRounds "9"]
[EventCountry "COL"]
[SourceTitle "CBM 210 Extra"]
[Source "ChessBase"]
[SourceDate "2022.11.30"]
[SourceVersion "1"]
[SourceVersionDate "2022.11.30"]
[SourceQuality "1"]

1. d4 d5 2. Bf4 Nf6 3. e3 c5 4. c3 Nc6 5. Nd2 Bf5 6. Qb3 Na5 7. Bb5+ Bd7 8. Qa4 Nc6 9. Ngf3 a6 10. Bxc6 Bxc6 11. Qc2 e6 12. h3 Be7 13. 0-0 0-0 14. Ne5 Be8 15. a4 Rc8 16. Rfd1 Nd7 17. Qb3 Nxe5 18. Bxe5 f6 19. Bg3 Qd7 20. dxc5 Bh5 21. Re1 Rxc5 22. e4 e5 23. f4 Bf7 24. Qc2 exf4 25. Bxf4 d4 26. Nb3 Rc4 27. Qd3 Rxa4 28. Rxa4 Qxa4 29. Nxd4 Bg6 30. Kh1 Rd8 31. Qf3 Qa2 32. Qe2 Bc5 33. Nf5 Re8 34. g4 Bf7 35. Qd2 Qc4 36. Nd4 Bg6 37. b3 Bxe4+ 38. Kh2 Qd5 39. Nf5 Qxb3 40. Rxe4 Rxe4 41. Qd8+ Bf8 42. Bd6 Re2+ 43. Kg3 Qxc3+ 0-1

[Event "Bogota McGregor op 4th"]
[Site "Bogota"]
[Date "2013.12.06"]
[Round "4"]
[White "Peinado Rincon, Giovanny Alfredo"]
[Black "Ortegon Villacorte, Linda Daniela"]
[Result "1-0"]
[WhiteElo "2193"]
[BlackElo "1868"]
[PlyCount "51"]
[EventDate "2013.12.04"]
[EventType "swiss"]
[EventRounds "9"]
[EventCountry "COL"]
[SourceTitle "CBM 157 Extra"]
[Source "ChessBase"]
[SourceDate "2013.12.19"]
[SourceVersion "1"]
[SourceVersionDate "2013.12.19"]
[SourceQuality "1"]

1. d4 d5 2. c4 dxc4 3. Nf3 Nf6 4. e3 a6 5. a4 Nc6 6. Bxc4 Bg4 7. Be2 e6 8. 0-0 Bd6 9. h3 Bh5 10. Nc3 0-0 11. e4 Bxf3 12. Bxf3 Nxd4 13. Be3 Nxf3+ 14. Qxf3 c6 15. Rad1 Qc7 16. Bg5 Be7 17. h4 Nd7 18. Rde1 Ne5 19. Qg3 Bxg5 20. hxg5 Rfe8 21. f4 Nc4 22. e5 Rac8 23. Ne4 Qb6+ 24. Rf2 Qb4 25. Rc2 Rcd8 26. Nf6+ 1-0

[Event "Bogota McGregor op 4th"]
[Site "Bogota"]
[Date "2013.12.05"]
[Round "3"]
[White "Perez, Laura"]
[Black "Peinado Rincon, Giovanny Alfredo"]
[Result "1-0"]
[WhiteElo "1985"]
[BlackElo "2193"]
[PlyCount "73"]
[EventDate "2013.12.04"]
[EventType "swiss"]
[EventRounds "9"]
[EventCountry "COL"]
[SourceTitle "CBM 157 Extra"]
[Source "ChessBase"]
[SourceDate "2013.12.19"]
[SourceVersion "1"]
[SourceVersionDate "2013.12.19"]
[SourceQuality "1"]

1. d4 d5 2. Nf3 Nf6 3. Bf4 c5 4. e3 Nc6 5. c3 Qb6 6. Qb3 c4 7. Qc2 Bf5 8. Qc1 e6 9. Nbd2 Be7 10. h3 h6 11. Be2 Qd8 12. Bd1 b5 13. Bc2 0-0 14. g4 Bxc2 15. Qxc2 Nd7 16. h4 Re8 17. h5 Nf8 18. Ke2 f6 19. Rag1 Bd6 20. Bxd6 Qxd6 21. Kd1 Rab8 22. a3 a5 23. Nh4 b4 24. axb4 axb4 25. f4 bxc3 26. bxc3 Nh7 27. Nhf3 Ra8 28. g5 hxg5 29. fxg5 f5 30. Ke2 Ra7 31. g6 Nf6 32. h6 gxh6 33. Rxh6 Rg7 34. Ng5 Ng4 35. Nf7 Rxf7 36. gxf7+ Kxf7 37. Rxg4 1-0

[Event "Bogota McGregor op 4th"]
[Site "Bogota"]
[Date "2013.12.04"]
[Round "1"]
[White "Baron, Rolando"]
[Black "Peinado Rincon, Giovanny Alfredo"]
[Result "0-1"]
[WhiteElo "1777"]
[BlackElo "2193"]
[PlyCount "68"]
[EventDate "2013.12.04"]
[EventType "swiss"]
[EventRounds "9"]
[EventCountry "COL"]
[SourceTitle "CBM 157 Extra"]
[Source "ChessBase"]
[SourceDate "2013.12.19"]
[SourceVersion "1"]
[SourceVersionDate "2013.12.19"]
[SourceQuality "1"]

1. e4 c5 2. Nc3 e6 3. g3 d6 4. Bg2 Nf6 5. d3 Be7 6. Nf3 0-0 7. 0-0 a6 8. Bd2 Nbd7 9. h3 Rb8 10. Rb1 b5 11. Ne2 Bb7 12. Nh2 d5 13. Nc3 b4 14. Ne2 dxe4 15. dxe4 Bxe4 16. Bxe4 Nxe4 17. Be3 Qc8 18. Nf4 Ndf6 19. Ng4 Nxg4 20. Qxg4 Nf6 21. Qe2 Rd8 22. Rbd1 Qc6 23. Kh2 Nd7 24. Bc1 Bf6 25. Nh5 Bd4 26. Rd3 Ne5 27. Bf4 Nxd3 28. Bxb8 Rxb8 29. cxd3 a5 30. b3 a4 31. Qc2 axb3 32. Qxb3 Ra8 33. Nf4 Ra3 34. Qb1 Qf3 0-1

[Event "Santander op"]
[Site "Santander"]
[Date "2011.12.18"]
[Round "3"]
[White "Gelvez Chaparro, Jorge Enrique"]
[Black "Peinado Rincon, Giovanny Alfredo"]
[Result "0-1"]
[WhiteElo "1528"]
[BlackElo "2203"]
[PlyCount "22"]
[EventDate "2011.12.17"]
[EventType "swiss"]
[EventRounds "9"]
[EventCountry "COL"]
[SourceTitle "CBM 146 Extra"]
[Source "ChessBase"]
[SourceDate "2012.02.29"]
[SourceVersion "1"]
[SourceVersionDate "2012.02.29"]
[SourceQuality "1"]

1. c4 Nf6 2. Nc3 d5 3. cxd5 Nxd5 4. g3 e6 5. Bg2 Be7 6. Nf3 0-0 7. 0-0 c5 8. d3 Nc6 9. e3 Bf6 10. Qc2 Ndb4 11. Qd1 Nxd3 0-1

[Event "Santander Region-ch"]
[Site "Bucaramanga"]
[Date "2010.12.19"]
[Round "4.1"]
[White "Peinado Rincon, Giovanny Alfredo"]
[Black "Gomez, Andres Felipe"]
[Result "0-1"]
[WhiteElo "2213"]
[BlackElo "2003"]
[PlyCount "41"]
[EventDate "2010.12.17"]
[EventType "swiss"]
[EventRounds "8"]
[EventCountry "COL"]
[SourceTitle "EXT 2024"]
[Source "ChessBase"]
[SourceDate "2023.10.10"]
[SourceVersion "1"]
[SourceVersionDate "2023.10.10"]
[SourceQuality "1"]

1. d4 d5 2. c4 e6 3. Nc3 Nf6 4. Nf3 c6 5. Bg5 dxc4 6. e4 b5 7. e5 h6 8. Bh4 g5 9. Nxg5 hxg5 10. Bxg5 Nbd7 11. exf6 Qa5 12. Be2 Bb7 13. 0-0 0-0-0 14. Bf3 Ne5 15. Be4 b4 16. Ne2 Ng4 17. h4 Bh6 18. Qc1 Qc7 19. f4 Qb6 20. Qd2 c5 21. Rfd1 0-1

[Event "Bucaramanga op"]
[Site "Bucaramanga"]
[Date "2008.06.01"]
[Round "6"]
[White "Sierra Fonseca, Edwin Andres"]
[Black "Peinado Rincon, Giovanny Alfredo"]
[Result "1/2-1/2"]
[WhiteElo "2083"]
[BlackElo "2233"]
[PlyCount "77"]
[EventDate "2008.05.30"]
[EventType "swiss"]
[EventRounds "9"]
[EventCountry "COL"]
[SourceTitle "EXT 2010"]
[Source "ChessBase"]
[SourceDate "2010.11.25"]
[SourceVersion "1"]
[SourceVersionDate "2010.11.25"]
[SourceQuality "1"]

1. e4 e6 2. d4 d5 3. Nd2 Nf6 4. e5 Nfd7 5. f4 c5 6. c3 Nc6 7. Ndf3 Qb6 8. Ne2 cxd4 9. cxd4 f6 10. Nc3 Be7 11. Na4 Qd8 12. Bd3 a6 13. 0-0 b5 14. Nc3 Qb6 15. Kh1 f5 16. Bxf5 exf5 17. Nxd5 Qd8 18. Nxe7 Nxe7 19. d5 Nb6 20. d6 Ned5 21. Bd2 Bb7 22. Ba5 Qd7 23. Bxb6 Nxb6 24. e6 Qxe6 25. Re1 Be4 26. Qd4 0-0 27. Qxb6 Rfd8 28. Qf2 Qxd6 29. Ng5 Qd5 30. Rac1 Rac8 31. Nxe4 fxe4 32. Rxc8 Rxc8 33. h3 Rc4 34. f5 Rd4 35. f6 Rd2 36. Qg3 g6 37. Qc7 Qd7 38. Qxd7 Rxd7 39. Rxe4 1/2-1/2